[Event "PMPJ 2022 - C15"]
[Site "Jastrzebia Gora"]
[Date "2022.11.12"]
[Round "5.24"]
[White "Mazurek, Filip"]
[Black "Garwacki, Kornel"]
[Result "0-1"]
[BlackElo "1613"]
[WhiteElo "1269"]
[LiveChessVersion "1.4.4"]

1. e4 {[%clk 1:30:59]} d6 {[%clk 1:30:59]} 2. d4 {[%clk 1:31:19]} Nf6
{[%clk 1:31:27]} 3. Nc3 {[%clk 1:31:41]} g6 {[%clk 1:31:24]} 4. f4
{[%clk 1:32:03]} Bg7 {[%clk 1:32:00]} 5. Nf3 {[%clk 1:32:22]} O-O
{[%clk 1:32:23]} 6. Bd3 {[%clk 1:32:42]} c5 {[%clk 1:32:30]} 7. dxc5
{[%clk 1:32:34]} dxc5 {[%clk 1:32:52]} 8. Be3 {[%clk 1:32:32]} Qa5
{[%clk 1:28:29]} 9. O-O {[%clk 1:29:58]} Rd8 {[%clk 1:27:00]} 10. Qe2
{[%clk 1:27:45]} Nc6 {[%clk 1:25:07]} 11. e5 {[%clk 1:21:09]} Ng4
{[%clk 1:19:59]} 12. Bd2 {[%clk 1:20:20]} Nd4 {[%clk 1:16:20]} 13. Nxd4
{[%clk 1:17:07]} cxd4 {[%clk 1:16:40]} 14. Ne4 {[%clk 1:12:19]} Qb6
{[%clk 1:16:16]} 15. a4 {[%clk 0:54:04]} h5 {[%clk 1:11:12]} 16. h3
{[%clk 0:52:51]} Nh6 {[%clk 1:10:59]} 17. Kh2 {[%clk 0:47:30]} f6
{[%clk 1:04:35]} 18. Nf2 {[%clk 0:33:15]} f5 {[%clk 0:59:31]} 19. Qf3
{[%clk 0:24:41]} Be6 {[%clk 0:53:35]} 20. Qg3 {[%clk 0:23:21]} Bd5
{[%clk 0:48:49]} 21. Qg5 {[%clk 0:20:38]} Kf7 {[%clk 0:44:17]} 22. g4
{[%clk 0:16:15]} hxg4 {[%clk 0:43:28]} 23. hxg4 {[%clk 0:16:31]} Nxg4+
{[%clk 0:34:15]} 24. Nxg4 {[%clk 0:16:44]} Rh8+ {[%clk 0:32:55]} 25. Kg1
{[%clk 0:14:07]} Rh5 {[%clk 0:32:16]} 26. Nh6+ {[%clk 0:11:39]} Rxh6
{[%clk 0:31:41]} 27. a5 {[%clk 0:09:55]} Qe6 {[%clk 0:27:44]} 28. Kf2
{[%clk 0:09:31]} Rh2+ {[%clk 0:26:16]} 29. Ke1 {[%clk 0:09:54]} Rg2
{[%clk 0:26:29]} 30. Bxf5 {[%clk 0:08:09]} 0-1

[Event "PMPJ 2022 - C15"]
[Site "Jastrzebia Gora"]
[Date "2022.11.12"]
[Round "5.25"]
[White "Leszczewicz, Karol"]
[Black "Pieczulis, Hubert"]
[Result "0-1"]
[BlackElo "1412"]
[WhiteElo "1554"]
[LiveChessVersion "1.4.4"]

1. d4 {[%clk 1:30:57]} d5 {[%clk 1:30:51]} 2. c4 {[%clk 1:31:20]} dxc4
{[%clk 1:30:56]} 3. e3 {[%clk 1:31:33]} Nf6 {[%clk 1:28:28]} 4. Bxc4
{[%clk 1:31:49]} e6 {[%clk 1:28:43]} 5. Nf3 {[%clk 1:32:08]} Be7 {[%clk 1:28:20]}
6. O-O {[%clk 1:32:26]} O-O {[%clk 1:28:39]} 7. Nc3 {[%clk 1:32:47]} b6
{[%clk 1:28:50]} 8. e4 {[%clk 1:31:29]} Bb7 {[%clk 1:28:57]} 9. Re1
{[%clk 1:31:50]} Nbd7 {[%clk 1:21:18]} 10. Bg5 {[%clk 1:23:40]} h6
{[%clk 1:16:32]} 11. Bh4 {[%clk 1:23:55]} Rc8 {[%clk 1:13:32]} 12. Qd3
{[%clk 1:18:15]} Nh7 {[%clk 1:11:36]} 13. Bxe7 {[%clk 1:17:29]} Qxe7
{[%clk 1:10:32]} 14. Ba6 {[%clk 1:08:23]} Bxa6 {[%clk 1:08:36]} 15. Qxa6
{[%clk 1:08:42]} c5 {[%clk 1:05:35]} 16. Qxa7 {[%clk 1:04:10]} Ra8
{[%clk 1:05:06]} 17. Qc7 {[%clk 1:04:01]} Rfc8 {[%clk 1:05:16]} 18. Qg3
{[%clk 1:03:42]} Nhf6 {[%clk 1:02:53]} 19. e5 {[%clk 0:58:41]} Nd5
{[%clk 1:00:47]} 20. Nxd5 {[%clk 0:48:32]} exd5 {[%clk 1:00:09]} 21. Nh4
{[%clk 0:48:29]} Qg5 {[%clk 0:56:13]} 22. Qxg5 {[%clk 0:48:05]} hxg5
{[%clk 0:57:08]} 23. Nf5 {[%clk 0:48:25]} Rc7 {[%clk 0:56:07]} 24. Ne7+
{[%clk 0:48:26]} Kf8 {[%clk 0:56:21]} 25. Nxd5 {[%clk 0:48:45]} Rca7
{[%clk 0:56:30]} 26. dxc5 {[%clk 0:48:11]} bxc5 {[%clk 0:56:52]} 27. a3
{[%clk 0:47:24]} Re8 {[%clk 0:56:38]} 28. Rac1 {[%clk 0:47:32]} Nxe5
{[%clk 0:56:16]} 29. Rxc5 {[%clk 0:47:07]} Nf3+ {[%clk 0:56:20]} 30. gxf3
{[%clk 0:47:28]} Rxe1+ {[%clk 0:56:46]} 31. Kg2 {[%clk 0:47:50]} f6
{[%clk 0:56:38]} 32. Nc3 {[%clk 0:47:39]} Re8 {[%clk 0:56:30]} 33. a4
{[%clk 0:47:10]} Rb8 {[%clk 0:56:34]} 34. Rc4 {[%clk 0:40:06]} Rxb2
{[%clk 0:55:02]} 35. Kg3 {[%clk 0:40:14]} Kf7 {[%clk 0:54:00]} 36. h3
{[%clk 0:40:03]} Rc2 {[%clk 0:50:38]} 37. Kg2 {[%clk 0:39:51]} Rd7
{[%clk 0:50:09]} 38. a5 {[%clk 0:39:47]} Rd3 {[%clk 0:49:14]} 39. Rc7+
{[%clk 0:38:43]} Ke6 {[%clk 0:47:12]} 40. Nb5 {[%clk 0:38:57]} Rxc7
{[%clk 0:47:27]} 41. Nxc7+ {[%clk 0:39:25]} Kd7 {[%clk 0:47:44]} 42. Na6 Rd5
{[%clk 0:46:55]} 43. Nb8+ {[%clk 0:38:40]} Kc7 {[%clk 0:46:27]} 44. Na6+
{[%clk 0:39:02]} Kd6 {[%clk 0:46:31]} 45. Nb4 {[%clk 0:39:15]} Rxa5
{[%clk 0:46:54]} 46. Nc2 {[%clk 0:39:39]} Ra4 {[%clk 0:47:11]} 47. Ne3
{[%clk 0:40:02]} Ke6 {[%clk 0:47:28]} 48. Kg3 {[%clk 0:40:26]} f5
{[%clk 0:47:42]} 49. Nf1 {[%clk 0:40:23]} Ra2 {[%clk 0:45:19]} 50. Kg2
{[%clk 0:40:34]} f4 {[%clk 0:41:08]} 51. Nh2 {[%clk 0:40:47]} Ke5
{[%clk 0:39:45]} 52. Ng4+ {[%clk 0:41:07]} Kd4 {[%clk 0:40:06]} 53. Kg1 Ra5
{[%clk 0:39:39]} 54. Kg2 {[%clk 0:41:41]} Kd3 {[%clk 0:40:00]} 55. Kg1
{[%clk 0:42:01]} Ke2 {[%clk 0:40:15]} 56. Kg2 {[%clk 0:42:25]} Rb5
{[%clk 0:39:20]} 57. Nh2 {[%clk 0:41:57]} Rb3 {[%clk 0:38:54]} 58. Kg1
{[%clk 0:42:18]} Rxf3 {[%clk 0:38:50]} 59. Nxf3 {[%clk 0:42:31]} Kxf3
{[%clk 0:39:15]} 60. Kf1 {[%clk 0:42:51]} g4 {[%clk 0:39:17]} 61. hxg4
{[%clk 0:42:15]} g5 {[%clk 0:39:00]} 62. Kg1 {[%clk 0:42:24]} Kxg4
{[%clk 0:38:47]} 63. Kg2 {[%clk 0:42:38]} Kf5 {[%clk 0:35:41]} 64. Kf3
{[%clk 0:42:21]} g4+ {[%clk 0:36:02]} 65. Kg2 {[%clk 0:42:25]} Ke5
{[%clk 0:36:23]} 66. Kf1 {[%clk 0:42:29]} Kd4 {[%clk 0:36:44]} 67. Ke1
{[%clk 0:42:40]} Kc3 {[%clk 0:36:51]} 68. Kd1 {[%clk 0:42:41]} Kd3
{[%clk 0:36:55]} 69. Ke1 {[%clk 0:42:50]} f3 {[%clk 0:36:51]} 70. Kd1
{[%clk 0:43:06]} g3 {[%clk 0:37:12]} 0-1

[Event "PMPJ 2022 - C15"]
[Site "Jastrzebia Gora"]
[Date "2022.11.12"]
[Round "5.26"]
[White "Bartnik, Michal"]
[Black "Brudzynski, Wojciech"]
[Result "1-0"]
[BlackElo "1246"]
[WhiteElo "1480"]
[LiveChessVersion "1.4.4"]

1. e4 c5 2. Nf3 d6 3. Nc3 a6 4. d4 cxd4 5. Nxd4 Nf6 6. a4 e5 7. Nf3 Be7 8. Bc4
Nbd7 9. a5 Nc5 10. b4 Be6 11. Bxe6 Nxe6 12. Qe2 Rc8 13. Nd5 Nxd5 14. exd5 Ng5 15.
Bxg5 Bxg5 16. Nxg5 Qxg5 17. O-O O-O 18. c4 Rc7 19. Rac1 Rfc8 20. Rc2 Qh4 21. Rfc1
f5 22. g3 Qf6 23. c5 Qf7 24. cxd6 Rxc2 25. Rxc2 Rxc2 26. Qxc2 Qxd5 27. Qc8+ Kf7
28. d7 Ke7 29. Qe8+ Kd6 30. d8=Q# 1-0

[Event "PMPJ 2022 - C15"]
[Site "Jastrzebia Gora"]
[Date "2022.11.12"]
[Round "5.28"]
[White "Skrzypczak, Jan"]
[Black "Magrel, Wiktor"]
[Result "0-1"]
[BlackElo "1170"]
[WhiteElo "1536"]
[LiveChessVersion "1.4.4"]

1. e4 d6 2. d4 Nf6 3. Nc3 g6 4. f4 Nbd7 5. Nf3 c5 6. d5 Bg7 7. Be2 O-O 8. O-O a6
9. a4 b6 10. Bc4 Bb7 11. h3 Ne8 12. Qe2 Nc7 13. Bd2 Re8 14. f5 e6 15. dxe6 fxe6
16. fxe6 Nxe6 17. Ng5 d5 18. Nxe6 Rxe6 19. Nxd5 Kh8 20. Nc3 Re8 21. Rf7 Bxe4 22.
Nxe4 Ne5 23. Rff1 Qd4+ 24. Kh1 Nxc4 25. Bc3 Qxe4 26. Bxg7+ Kxg7 27. Qf2 Rf8 28.
Qg3 Qe5 29. Qg4 Qd4 30. Qe6 Rae8 31. Qc6 Qe4 32. Qc7+ Re7 33. Qg3 Ne3 34. Rfe1
Qf4 35. Qxf4 Rxf4 36. Re2 Nf5 37. Rd2 Rd4 38. Rf2 Red7 39. Raf1 Ng3+ 0-1

[Event "PMPJ 2022 - C15"]
[Site "Jastrzebia Gora"]
[Date "2022.11.12"]
[Round "5.29"]
[White "Szewczak, Filip"]
[Black "Bialy, Borys"]
[Result "1/2-1/2"]
[BlackElo "1526"]
[WhiteElo "1118"]
[LiveChessVersion "1.4.4"]

1. d4 Nf6 2. c4 c5 3. d5 b5 4. cxb5 a6 5. e3 axb5 6. Bxb5 Bb7 7. Nc3 g6 8. Nf3
Bg7 9. O-O O-O 10. e4 d6 11. Re1 Nbd7 12. a4 Qc7 13. Rb1 Ba6 14. Bxa6 Rxa6 15.
Nb5 Qb7 16. b3 Ne8 17. Qe2 Ra8 18. Bb2 Bxb2 19. Qxb2 Nc7 20. Nxc7 Qxc7 21. Qc2
Qa5 22. Ra1 Rfb8 23. Reb1 Rb4 24. Nd2 Nb6 25. g3 Rc8 26. Rc1 Rb8 27. Rcb1 Rc8 28.
Rc1 Rb8 29. Rcb1 Rc8 30. Rc1 Rb8 1/2-1/2

[Event "PMPJ 2022 - C15"]
[Site "Jastrzebia Gora"]
[Date "2022.11.12"]
[Round "5.30"]
[White "Obidzinski, Cezary"]
[Black "Matysik, Mateusz"]
[Result "0-1"]
[BlackElo "1095"]
[WhiteElo "1261"]
[LiveChessVersion "1.4.4"]

1. d4 Nf6 2. c4 e6 3. Nf3 Bb4+ 4. Bd2 Bxd2+ 5. Nbxd2 c5 6. e3 b6 7. Nb3 d6 8. Bd3
Bb7 9. O-O O-O 10. Bc2 Nc6 11. a3 cxd4 12. Nbxd4 Nxd4 13. Nxd4 d5 14. cxd5 Qxd5
15. Nf3 Qh5 16. h3 Rfd8 17. Qe2 Ne4 18. Rfd1 e5 19. Qb5 Nc5 20. Rxd8+ Rxd8 21.
Rd1 Rc8 22. e4 Ba6 23. Qb4 Be2 24. Rd5 Bxf3 25. gxf3 Qxf3 26. Rxe5 Ne6 27. Qb3
Nd4 28. Qa4 Ne2+ 29. Kf1 Ng3+ 30. Kg1 Qh1# 0-1

[Event "PMPJ 2022 - C15"]
[Site "Jastrzebia Gora"]
[Date "2022.11.12"]
[Round "5.32"]
[White "Paluszek, Jan"]
[Black "Pachura, Mateusz"]
[Result "1-0"]
[BlackElo "1269"]
[WhiteElo "1348"]
[LiveChessVersion "1.4.4"]

1. e4 c5 2. Nc3 e6 3. Nge2 Nc6 4. g3 d5 5. exd5 exd5 6. d4 Nf6 7. Bg2 Be6 8. Bg5
cxd4 9. Nxd4 Bc5 10. Nxe6 fxe6 11. Qe2 Qe7 12. O-O O-O 13. Rae1 Rae8 14. a3 h6
15. Bd2 a6 16. Qd3 Qf7 17. h3 Nd7 18. Nd1 Nde5 19. Qc3 Nd7 20. Kh2 Bd6 21. f4 Qg6
22. Be3 Rc8 23. Qb3 b5 24. c3 Ne7 25. Bf2 Nc5 26. Bxc5 Bxc5 27. Ne3 h5 28. Rf3
Kh8 29. Qd1 Bd6 30. Ref1 Nf5 31. Nxf5 Rxf5 32. Re3 h4 33. Qg4 Qxg4 34. hxg4 hxg3+
35. Kxg3 Rf6 36. g5 Rg6 37. Kg4 Rf8 38. f5 exf5+ 39. Rxf5 Rxf5 40. Kxf5 Bc5 41.
Rh3+ 1-0

[Event "PMPJ 2022 - C15"]
[Site "Jastrzebia Gora"]
[Date "2022.11.12"]
[Round "6.1"]
[White "Wydmanski, Szymon"]
[Black "Jaworski, Tymon"]
[Result "1/2-1/2"]
[BlackElo "1791"]
[WhiteElo "1809"]
[LiveChessVersion "1.4.4"]

1. e4 {[%clk 1:29:44]} e5 {[%clk 1:30:42]} 2. Nf3 {[%clk 1:29:47]} Nc6
{[%clk 1:30:54]} 3. d4 {[%clk 1:30:08]} exd4 {[%clk 1:31:10]} 4. Nxd4
{[%clk 1:30:34]} Bc5 {[%clk 1:31:21]} 5. Nb3 {[%clk 1:31:01]} Bb6
{[%clk 1:31:13]} 6. Nc3 {[%clk 1:31:22]} d6 {[%clk 1:30:33]} 7. Qe2
{[%clk 1:30:18]} Bd7 {[%clk 1:26:58]} 8. Nd5 {[%clk 1:22:53]} Nd4
{[%clk 1:18:37]} 9. Qd3 {[%clk 1:20:00]} Nxb3 {[%clk 1:17:50]} 10. axb3
{[%clk 1:20:24]} Ne7 {[%clk 1:13:05]} 11. Bg5 {[%clk 1:02:01]} f6
{[%clk 1:13:33]} 12. Bd2 {[%clk 0:44:29]} Nxd5 {[%clk 1:12:53]} 13. exd5
{[%clk 0:44:52]} Qe7+ {[%clk 1:12:22]} 14. Be2 {[%clk 0:45:15]} Bg4
{[%clk 1:09:23]} 15. Qb5+ {[%clk 0:40:00]} Qd7 {[%clk 1:06:54]} 16. Be3
{[%clk 0:34:34]} Bxe2 {[%clk 0:59:02]} 17. Qxe2 {[%clk 0:33:53]} Bxe3
{[%clk 0:59:00]} 18. Qxe3+ {[%clk 0:34:08]} Qe7 {[%clk 0:59:21]} 19. Qxe7+
{[%clk 0:33:34]} Kxe7 {[%clk 0:59:28]} 20. Kd2 {[%clk 0:33:59]} Kd7
{[%clk 0:59:31]} 21. Rhe1 {[%clk 0:32:58]} a6 {[%clk 0:59:35]} 22. Re6
{[%clk 0:27:35]} Rhe8 {[%clk 0:59:25]} 23. Rae1 {[%clk 0:28:00]} Rxe6
{[%clk 0:59:40]} 24. Rxe6 {[%clk 0:28:25]} c6 {[%clk 0:59:46]} 25. c4
{[%clk 0:26:35]} cxd5 {[%clk 0:58:45]} 26. cxd5 {[%clk 0:27:02]} Rc8
{[%clk 0:52:32]} 27. Re4 {[%clk 0:25:03]} Rc5 {[%clk 0:52:46]} 28. Rd4
{[%clk 0:25:30]} a5 {[%clk 0:51:45]} 29. h3 {[%clk 0:22:44]} Ke7 {[%clk 0:50:47]}
30. Ke3 {[%clk 0:17:22]} f5 {[%clk 0:46:54]} 31. b4 {[%clk 0:13:33]} Rb5
{[%clk 0:45:39]} 32. bxa5 {[%clk 0:12:00]} Rxb2 {[%clk 0:45:46]} 33. Ra4
{[%clk 0:11:43]} Rb1 {[%clk 0:37:09]} 34. Ke4 Ke6+ 1/2-1/2

[Event "PMPJ 2022 - C15"]
[Site "Jastrzebia Gora"]
[Date "2022.11.12"]
[Round "6.2"]
[White "Rylski, Tadeusz"]
[Black "Stepinski, Piotr"]
[Result "1/2-1/2"]
[BlackElo "1663"]
[WhiteElo "1741"]
[LiveChessVersion "1.4.4"]

1. e4 {[%clk 1:30:51]} c6 {[%clk 1:30:43]} 2. d4 {[%clk 1:31:18]} d5
{[%clk 1:31:10]} 3. exd5 {[%clk 1:31:35]} cxd5 {[%clk 1:31:34]} 4. Bd3
{[%clk 1:31:58]} Nf6 {[%clk 1:31:31]} 5. c3 {[%clk 1:21:05]} Nc6 {[%clk 1:31:07]}
6. Bf4 {[%clk 1:21:08]} e6 {[%clk 1:29:52]} 7. Nf3 {[%clk 1:18:52]} Bd6
{[%clk 1:30:17]} 8. Bxd6 {[%clk 1:15:53]} Qxd6 {[%clk 1:30:42]} 9. O-O
{[%clk 1:15:08]} Bd7 {[%clk 1:29:45]} 10. Nbd2 {[%clk 1:13:32]} O-O
{[%clk 1:28:40]} 11. Qe2 {[%clk 1:03:38]} Ne7 {[%clk 1:27:43]} 12. Ne5
{[%clk 0:59:01]} Ng6 {[%clk 1:22:47]} 13. f4 {[%clk 0:50:46]} Ne8
{[%clk 1:07:26]} 14. Ndf3 {[%clk 0:37:11]} f5 {[%clk 0:58:34]} 15. Nxg6
{[%clk 0:28:41]} hxg6 {[%clk 0:59:00]} 16. Ne5 {[%clk 0:28:43]} Nf6
{[%clk 0:45:54]} 17. Nxg6 {[%clk 0:27:38]} Rfc8 {[%clk 0:46:17]} 18. Rf3
{[%clk 0:21:08]} Be8 {[%clk 0:45:34]} 19. Qe5 {[%clk 0:15:43]} Qxe5
{[%clk 0:45:29]} 20. Nxe5 {[%clk 0:15:49]} Nd7 {[%clk 0:44:54]} 21. Nxd7
{[%clk 0:15:20]} Bxd7 {[%clk 0:45:23]} 22. Kf2 {[%clk 0:13:31]} Kf7
{[%clk 0:45:40]} 23. Re3 {[%clk 0:12:43]} b5 {[%clk 0:45:56]} 24. a3
{[%clk 0:12:36]} Rh8 {[%clk 0:46:06]} 25. h3 {[%clk 0:11:46]} g6 {[%clk 0:46:30]}
26. Ree1 {[%clk 0:11:10]} Kf6 {[%clk 0:46:45]} 27. Rh1 {[%clk 0:07:02]} Rh7
{[%clk 0:46:33]} 28. Kf3 {[%clk 0:05:56]} Rc8 {[%clk 0:46:04]} 29. Be2
{[%clk 0:03:10]} Be8 {[%clk 0:46:04]} 30. Ke3 {[%clk 0:03:05]} Bd7
{[%clk 0:46:29]} 31. Kd2 {[%clk 0:03:21]} Be8 {[%clk 0:46:40]} 32. Bd3
{[%clk 0:02:50]} Rhc7 33. g4 {[%clk 0:01:45]} a5 {[%clk 0:45:35]} 34. gxf5
{[%clk 0:01:52]} gxf5 {[%clk 0:45:57]} 35. Rhg1 {[%clk 0:01:34]} Rh7
{[%clk 0:46:09]} 36. Rg3 {[%clk 0:02:03]} Rh4 {[%clk 0:46:00]} 37. Ke3
{[%clk 0:02:05]} Rh6 {[%clk 0:44:26]} 38. Rag1 {[%clk 0:01:23]} Rb8
{[%clk 0:44:13]} 39. Rc1 {[%clk 0:01:32]} Rg6 {[%clk 0:42:11]} 40. Rxg6+
{[%clk 0:01:46]} Kxg6 {[%clk 0:42:36]} 41. Rg1+ {[%clk 0:01:54]} Kf6
{[%clk 0:42:41]} 42. Kd2 {[%clk 0:01:29]} Rb7 {[%clk 0:41:51]} 43. Kc2
{[%clk 0:01:19]} Rh7 {[%clk 0:41:46]} 44. Rg3 {[%clk 0:01:24]} Rh4
{[%clk 0:42:01]} 45. Rf3 {[%clk 0:01:44]} Bh5 {[%clk 0:41:54]} 46. Rf2
{[%clk 0:02:12]} Be8 {[%clk 0:40:33]} 47. Bf1 {[%clk 0:02:23]} Ke7
{[%clk 0:40:50]} 48. b3 {[%clk 0:02:23]} Bd7 {[%clk 0:40:59]} 49. Kd3
{[%clk 0:01:58]} Bc8 {[%clk 0:41:11]} 50. Ke3 {[%clk 0:01:33]} Bd7
{[%clk 0:41:37]} 51. Rc2 {[%clk 0:01:26]} Rh8 {[%clk 0:41:20]} 52. Kf3
{[%clk 0:00:40]} Rc8 {[%clk 0:41:16]} 53. Bd3 {[%clk 0:01:06]} Rh8
{[%clk 0:41:38]} 54. Bf1 {[%clk 0:01:30]} Rc8 {[%clk 0:42:04]} 55. Bd3
{[%clk 0:00:48]} Rh8 {[%clk 0:42:24]} 56. Bf1 {[%clk 0:01:17]} Rc8
{[%clk 0:42:33]} 57. Ke3 {[%clk 0:01:35]} Rg8 {[%clk 0:42:56]} 58. Rg2 Rc8
{[%clk 0:41:55]} 59. Rg7+ {[%clk 0:02:06]} Kd6 {[%clk 0:42:20]} 60. Kd2 Rh8
{[%clk 0:42:43]} 61. Ke3 {[%clk 0:01:22]} Rc8 {[%clk 0:43:09]} 62. Kd2
{[%clk 0:01:45]} Rh8 {[%clk 0:43:38]} 63. Bg2 {[%clk 0:01:07]} Rh4
{[%clk 0:43:44]} 64. Ke3 {[%clk 0:01:34]} Rh8 {[%clk 0:44:10]} 65. Kd2
{[%clk 0:01:32]} Rh4 {[%clk 0:44:34]} 66. Ke3 {[%clk 0:02:01]} Rh8
{[%clk 0:44:58]} 67. Ke4 Ke5+ 1/2-1/2

[Event "PMPJ 2022 - C15"]
[Site "Jastrzebia Gora"]
[Date "2022.11.12"]
[Round "6.3"]
[White "Duda, Szymon"]
[Black "Szymkiewicz, Witold"]
[Result "1/2-1/2"]
[BlackElo "1658"]
[WhiteElo "1697"]
[LiveChessVersion "1.4.4"]

1. e4 {[%clk 1:28:31]} e6 {[%clk 1:30:47]} 2. d4 {[%clk 1:28:46]} d5
{[%clk 1:31:14]} 3. Nc3 {[%clk 1:29:08]} dxe4 {[%clk 1:31:12]} 4. Nxe4
{[%clk 1:29:30]} Nd7 {[%clk 1:30:04]} 5. Nf3 {[%clk 1:29:21]} Ngf6
{[%clk 1:29:56]} 6. Nxf6+ {[%clk 1:28:43]} Nxf6 {[%clk 1:30:17]} 7. Bg5
{[%clk 1:27:47]} h6 {[%clk 1:26:20]} 8. Bh4 {[%clk 1:27:51]} Be7 {[%clk 1:24:25]}
9. Be2 {[%clk 1:27:22]} O-O {[%clk 1:24:26]} 10. O-O {[%clk 1:27:28]} a6
{[%clk 1:24:03]} 11. Ne5 {[%clk 1:25:51]} c5 {[%clk 1:20:20]} 12. dxc5
{[%clk 1:25:02]} Bxc5 {[%clk 1:20:04]} 13. Ng4 {[%clk 1:20:32]} Be7
{[%clk 1:19:14]} 14. Qxd8 {[%clk 1:20:05]} Rxd8 {[%clk 1:19:38]} 15. Bxf6
{[%clk 1:18:47]} Bxf6 {[%clk 1:19:37]} 16. Nxf6+ {[%clk 1:19:06]} gxf6
{[%clk 1:20:05]} 17. Rfd1 {[%clk 1:19:19]} Bd7 {[%clk 1:20:25]} 18. Bf3
{[%clk 1:19:24]} Bc6 {[%clk 1:20:41]} 19. Bxc6 {[%clk 1:18:31]} bxc6
{[%clk 1:21:09]} 20. Kf1 {[%clk 1:18:32]} Rd5 {[%clk 1:20:20]} 21. c4
{[%clk 1:16:52]} Rdd8 {[%clk 1:18:39]} 22. Ke2 {[%clk 1:16:38]} Kf8
{[%clk 1:19:05]} 23. Rxd8+ {[%clk 1:15:08]} Rxd8 {[%clk 1:19:33]} 24. Rd1
{[%clk 1:15:31]} Rb8 {[%clk 1:19:49]} 25. b3 {[%clk 1:15:14]} Ke7
{[%clk 1:20:13]} 26. Rd3 {[%clk 1:15:22]} a5 {[%clk 1:19:57]} 27. Rh3
{[%clk 1:15:11]} a4 {[%clk 1:20:23]} 28. Kd2 {[%clk 1:12:48]} axb3
{[%clk 1:17:43]} 29. axb3 {[%clk 1:09:41]} Ra8 {[%clk 1:12:18]} 30. Rxh6
{[%clk 0:27:09]} Ra2+ {[%clk 1:12:35]} 31. Ke1 {[%clk 0:26:28]} Ra1+
{[%clk 1:12:51]} 32. Kd2 {[%clk 0:26:53]} Ra2+ {[%clk 1:13:15]} 33. Ke1
{[%clk 0:23:43]} Ra1+ {[%clk 1:13:36]} 1/2-1/2

[Event "PMPJ 2022 - C15"]
[Site "Jastrzebia Gora"]
[Date "2022.11.12"]
[Round "6.4"]
[White "Klisowski, Bartosz"]
[Black "Gbiorczyk, Mikolaj"]
[Result "0-1"]
[BlackElo "1824"]
[WhiteElo "1634"]
[LiveChessVersion "1.4.4"]

1. Nf3 {[%clk 1:30:43]} Nf6 {[%clk 1:30:54]} 2. g3 {[%clk 1:31:02]} g6
{[%clk 1:31:17]} 3. Bg2 {[%clk 1:31:20]} Bg7 {[%clk 1:31:41]} 4. O-O
{[%clk 1:31:46]} O-O {[%clk 1:32:05]} 5. c4 {[%clk 1:32:00]} d6 {[%clk 1:32:28]}
6. d4 {[%clk 1:32:19]} Nc6 {[%clk 1:32:51]} 7. Nc3 {[%clk 1:32:03]} a6
{[%clk 1:33:10]} 8. d5 {[%clk 1:29:56]} Na5 {[%clk 1:32:31]} 9. Nd2
{[%clk 1:30:25]} c5 {[%clk 1:31:33]} 10. Qc2 {[%clk 1:30:36]} b5 {[%clk 1:27:03]}
11. b3 {[%clk 1:24:14]} b4 {[%clk 1:23:06]} 12. Nd1 {[%clk 1:22:03]} Bf5
{[%clk 1:22:13]} 13. e4 {[%clk 1:20:38]} Nxe4 {[%clk 1:22:05]} 14. Bxe4
{[%clk 1:20:53]} Bxe4 {[%clk 1:22:10]} 15. Nxe4 {[%clk 1:21:20]} Bxa1
{[%clk 1:22:32]} 16. Nb2 {[%clk 1:21:47]} Bxb2 {[%clk 1:20:45]} 17. Qxb2
{[%clk 1:20:21]} f6 {[%clk 1:19:44]} 18. Bh6 {[%clk 1:20:40]} Rf7
{[%clk 1:19:17]} 19. f4 {[%clk 1:15:10]} Qd7 {[%clk 1:15:57]} 20. Kg2
{[%clk 1:04:25]} Qf5 {[%clk 1:14:05]} 21. Qe2 {[%clk 1:03:53]} Nb7
{[%clk 1:09:36]} 22. g4 {[%clk 1:02:47]} Qd7 {[%clk 1:08:29]} 23. f5
{[%clk 0:56:59]} a5 {[%clk 1:00:49]} 24. Qe3 {[%clk 0:46:41]} Kh8
{[%clk 0:54:24]} 25. Ng3 {[%clk 0:41:54]} g5 {[%clk 0:38:48]} 26. Qe6
{[%clk 0:39:03]} Qe8 {[%clk 0:36:35]} 27. Re1 {[%clk 0:39:16]} a4
{[%clk 0:35:14]} 28. Ne4 {[%clk 0:35:35]} Nd8 {[%clk 0:32:39]} 29. Nxd6
{[%clk 0:35:28]} Nxe6 {[%clk 0:32:55]} 30. Nxe8 {[%clk 0:35:55]} Nf4+
{[%clk 0:32:47]} 31. Kf3 {[%clk 0:35:57]} Rxe8 {[%clk 0:33:06]} 32. h4
{[%clk 0:36:26]} Nd3 {[%clk 0:32:44]} 33. Re6 {[%clk 0:36:46]} Ne5+
{[%clk 0:32:31]} 34. Rxe5 {[%clk 0:37:09]} fxe5 {[%clk 0:32:38]} 35. Ke4
{[%clk 0:36:28]} axb3 {[%clk 0:32:42]} 36. axb3 {[%clk 0:36:53]} gxh4
{[%clk 0:32:14]} 37. Kxe5 {[%clk 0:37:19]} Rg8 {[%clk 0:31:16]} 38. Kf4
{[%clk 0:36:59]} Rg6 {[%clk 0:31:27]} 39. g5 {[%clk 0:36:51]} Rxh6
{[%clk 0:31:41]} 40. gxh6 {[%clk 0:37:15]} h3 {[%clk 0:31:59]} 41. Kg3
{[%clk 0:37:42]} Rxf5 {[%clk 0:32:23]} 0-1